Οι αντιλήψεις των εκπαιδευτικών αναφορικά με τη διαφοροποίηση των δύο φύλων : εμπειρική έρευνα εκπαιδευτικών πρωτοβάθμιας εκπαίδευσης στα Δωδεκάνησα
Αποθηκεύτηκε σε:
| Κύριος συγγραφέας: | |
|---|---|
| Μορφή: | Βιβλίο |
| Γλώσσα: | Greek |
| Δημοσίευση: |
Ρόδος :
Περιφερειακή Διοίκηση Δωδεκανήσου, Δήμος Ροδίων,
1996.
|
| Θέματα: | |
| Ετικέτες: |
Προσθήκη ετικέτας
Δεν υπάρχουν, Καταχωρήστε ετικέτα πρώτοι!
|
MARC
| LEADER | 00000cam a2200000 i 4500 | ||
|---|---|---|---|
| 001 | 1/74167 | ||
| 008 | 961127s1996 gr | ||| |||| ||gre|| | ||
| 035 | |a 1996 |b 3 |c Δ4 |l 10031724 | ||
| 040 | |a GR-MY-UA |b gre |e aacr | ||
| 041 | 0 | |a gre | |
| 082 | 7 | |a 372.372 |2 (22) | |
| 100 | 1 | |a Σαββίδου, Τούλα. | |
| 245 | 1 | 3 | |a Οι αντιλήψεις των εκπαιδευτικών αναφορικά με τη διαφοροποίηση των δύο φύλων : |b εμπειρική έρευνα εκπαιδευτικών πρωτοβάθμιας εκπαίδευσης στα Δωδεκάνησα / |c Σαββίδου Τούλα. |
| 260 | |a Ρόδος : |b Περιφερειακή Διοίκηση Δωδεκανήσου, Δήμος Ροδίων, |c 1996. | ||
| 300 | |a 150 σ. ; |c 24 εκ. | ||
| 504 | |a Βιβλιογραφία : σ. 145-150. | ||
| 650 | 0 | 0 | |a Sex instruction. |
| 650 | 0 | 0 | |a Children and sex. |
| 852 | |a INST |b RHODES |e 19961127 |h 372.372 ΣΑΒ |p 005400006921 |q 005400006921 |t BK |y 0 | ||
| 852 | |a INST |b RHODES |e 19961127 |h 372.372 ΣΑΒ |p 005400006922 |q 005400006922 |t BK |y 0 | ||
| 852 | |a INST |b RHODES |e 19961127 |h 372.372 ΣΑΒ |p 005400006923 |q 005400006923 |t BK |y 0 | ||
| 909 | |a Ρ |b 042905 | ||
| 909 | |a Ρ |b 042906 | ||
| 970 | |z 2000/08 | ||